| 000 | 00904nam a2200229 a 4500 | ||
|---|---|---|---|
| 001 | 000035909 | ||
| 005 | 20200930074718.0 | ||
| 008 | 111115s2011 dr ac r 000 0 spa d | ||
| 040 |
_aDO-SdBNP _bspa _cBNPHU |
||
| 082 |
_a796.323 _bR696p |
||
| 100 | 1 |
_aRodríguez Escarramán, Alex _961909 |
|
| 245 | 1 | 4 |
_aPor los aros del mundo / _cAlex Rodríguez Escarramán. |
| 260 |
_aSanto Domingo : _b[s.n., _c2011]. |
||
| 300 |
_a225 p. ; _c23 cm. |
||
| 520 | _aSe presentan los resultados de las selecciones de baloncesto de República Dominicana 1946-2010, estadísticas individuales y equipos dominicanos. | ||
| 500 | _aIncluye datos biográficos del autor | ||
| 504 | _aBibliografía : p. 225-226. | ||
| 590 | _aInventariado, 2018/BT | ||
| 650 | 4 |
_aBaloncesto _zRepública Dominicana _xBiografías _961910 |
|
| 650 | 4 |
_aDeportes _zRepública Dominicana _919547 |
|
| 910 | _aValidado. Control de calidad. EMS | ||
| 999 |
_c35400 _d35400 |
||